000 00742nam a2200205 u 4500
001 000020334
005 20260210115647.0
008 100813s1965 sp ac 000 0 spa d
040 _aDO-SdBNP
_bspa
_cBNPHU
082 _a364.258
_bH498c
100 1 _aSchultze-Wilde, Harry,
_d1889-
_942985
245 1 0 _aEl crimen politíco /
_cHarry Schultze-Wilde ; traducción de Ana Ma. de la Fuente.
260 _aBarcelona :
_bEditores Plaza & Janés,
_c1965.
300 _a468 p. :
_bil., retrs. ;
_c22 cm.
500 _aAl principiar el título : H. S. Hegner.
650 0 _aAsesinato
_942986
650 0 _aCorrupción política
_zRepública Dominicana
_96079
650 0 _aHomicidio político
_931686
700 1 2 _aFuente, Ana María de la,
_etr.
_910620
999 _c19838
_d19838